1699 1858 1339 1749 1783 1125 1850 1108 1485 1490 1256 1268 1019 1750 1979 1140 1103 1191 1122 1786 1087 1051 1270 1169 1599 1273 1075 1589 1478 1819 1706 1134 1957 1251 1265 1985 1949 1290 1195 1975 1119 1650 1790 1291 1576 1725 1069 1091 1184 1105 1380 1803 1126 1548 1552 1115 1771 1868 1003 1829 1268 1862 1412 1364 1296 1046 1560 1005 1942 1007 1076 1164 1888 1408 1190 1470 1792 1797 1285 1801 1630 1258 1696 1876 1818 1130 1005 1742 1327 1784 1387 1977 1586 1383 1933 1454 1031 1753 1977 BCNSPRNW ULIB Ver.6.0+V

เปลี่ยนเป็นภาษาไทย

Change to English
 แสดงรายละเอียดบรรณานุกรม
  กลับหน้าหลัก

Brief Record : Get Marc (ISO 2709) : E-mail record : QR code < ปิดหน้าต่าง
LEADER : 00000nam 2200000uu 4500
001    13399114271
003     ULIB
008    120222s||||||||th 000 0 tha d
020    9786167045382
060 04 ^aQV772^bร148ย
100 0  ^aปราณี ทู้ไพเราะ
245 10 ยาสามัญประจำบ้าน ชุด ยาแผนปัจจุบัน /^cล่วมยา
250    ^aพิมพ์ครั้งที่ 1
260    ^aกรุงเทพฯ :^bภูมิปัญญา,^c2553
300    160 หน้า
650  7 ^aการใช้ยา
650  7 ยาประจำบ้าน
710 2  ภูมิปัญญา
945    ^p100^l0^i031258
995    ^aทศพร
999    ^aใช้งานได้ทุกระบบ
รายการนี้ยังไม่มีแท็ก
คุณยังไม่ได้ล็อกอิน คุณสามารถมีกิจกรรมร่วมกับเว็บไซต์ได้ แต่ต้องล็อกอินก่อน ::
  ล็อกอิน

รายการสื่อสารสนเทศ

ลำดับที่ ประเภท เลขเรียก/บาร์โค้ด สถานที่ สถานะ
- ไม่พบข้อมูล -

รายการใกล้เคียง
    ผู้แต่ง [ปราณี ทู้ไพเราะ]

    หัวเรื่อง [การใช้ยา]

BibComment


ยังไม่เคยถูกคอมเมนท์

คอมเมนท์ทรัพยากรรายการนี้
  คอมเมนท์: ยาสามัญประจำบ้าน ..


 Copyright 2026. Bcnsprnw @Library